| 000 | 00450nam a2200145Ia 4500 | ||
|---|---|---|---|
| 008 | 191206s9999 xx 000 0 und d | ||
| 020 | _a0797422412 (Weaver P | ||
| 090 | _aHD8039.T62255 | ||
| 245 | 0 | _a"Working on the margins: black workers, white farmers in postcolonial Zimbabwe" | |
| 260 | _aWeaver Press | ||
| 260 | _bPostcolonial encounters | ||
| 260 | _cc2001 | ||
| 300 | _a"xx, 268 p. : ill., maps ; 22 cm." | ||
| 999 |
_c17316 _d17316 |
||